Countries by Percent of Religion - Statistics

General Stats
  • This quiz has been taken 85 times
  • The average score is 28 of 60
Answer Stats
% Country % Correct
1.8 United States
90%
30.0 China
89%
79.8 India
85%
1.9 India
85%
0.3 India
85%
100.0 Vatican City
84%
81.3 Nepal
82%
0.1 Nepal
82%
73.6 Israel
81%
0.9 Canada
76%
1.1 Canada
76%
76.0 Japan
76%
1.2 United Kingdom
76%
99.4 Iran
74%
25.0 Bhutan
71%
74.7 Bhutan
71%
93.2 Thailand
71%
0.6 South Korea
68%
0.7 France
63%
80.1 Myanmar
63%
96.9 Cambodia
61%
69.3 Sri Lanka
61%
56.5 Taiwan
60%
99.1 Yemen
60%
2.6 Malaysia
56%
0.5 Malaysia
56%
99.7 Afghanistan
55%
4.8 Brazil
52%
8.5 Singapore
48%
76.0 Czech Republic
40%
64.0 Sweden
39%
50.0 Haiti
37%
2.7 Haiti
37%
77.0 Estonia
34%
48.5 Mauritius
34%
1.8 Mauritius
34%
27.9 Fiji
32%
0.3 Fiji
32%
0.2 Fiji
32%
1.6 Guyana
29%
10.3 Cuba
27%
98.1 Malta
27%
3.6 Suriname
27%
0.3 Suriname
27%
72.0 Denmark
26%
99.6 East Timor
24%
99.9 Romania
24%
99.5 Tunisia
24%
2.2 Bolivia
23%
10.2 Jamaica
23%
0.5 Hungary
21%
33.0 Togo
19%
0.2 Kenya
16%
99.9 Samoa
16%
99.2 Azerbaijan
13%
2.5 Belize
13%
1.8 Zambia
11%
50.0 Guinea-Bissau
10%
40.0 Cameroon
6%
25.0 Ivory Coast
2%
No matching quizzes found
Score Distribution
Percent of People with Each Score
Percentile by Number Answered
Your Score History
You have not taken this quiz